<El> nuevo régimen jurídico de la huelga y el cierre patronal / (Record no. 635)

MARC details
000 -LEADER
campo de control de longitud fija 01032nam a2200349Ia 4500
001 - NÚMERO DE CONTROL
campo de control 015197
008 - DATOS DE LONGITUD FIJA--INFORMACIÓN GENERAL
campo de control de longitud fija 221003s1994 xx 000 0 spa d
020 ## - NÚMERO INTERNACIONAL ESTÁNDAR DEL LIBRO
Número Internacional Estándar del Libro 84-88031-57-2
035 ## - NÚMERO DE CONTROL DEL SISTEMA
Número de control de sistema CENDO_636
041 ## - CÓDIGO DE IDIOMA
Código de lengua del texto/banda sonora o título independiente spa
084 ## - OTRO NÚMERO DE CLASIFICACIÓN
Número de clasificación CD-02261
245 #0 - MENCIÓN DEL TÍTULO
Título <El> nuevo régimen jurídico de la huelga y el cierre patronal /
Mención de responsabilidad, etc. [Enrique Lillo Pérez... et al.]
260 ## - PUBLICACIÓN, DISTRIBUCIÓN, ETC.
Lugar de publicación, distribución, etc. Madrid :
Nombre del editor, distribuidor, etc. Consejo General del Poder Judicial,
Fecha de publicación, distribución, etc. D.L. 1994
300 ## - DESCRIPCIÓN FÍSICA
Extensión XXXI, 306 p. ;
Dimensiones 22 cm
490 ## - MENCIÓN DE SERIE
Mención de serie Cuadernos de Derecho Judicial
650 ## - PUNTO DE ACCESO ADICIONAL DE MATERIA--TÉRMINO DE MATERIA
Término de materia o nombre geográfico como elemento de entrada ESPAÑA
9 (RLIN) 9
650 ## - PUNTO DE ACCESO ADICIONAL DE MATERIA--TÉRMINO DE MATERIA
Término de materia o nombre geográfico como elemento de entrada REGIMEN JURIDICO
9 (RLIN) 740
650 ## - PUNTO DE ACCESO ADICIONAL DE MATERIA--TÉRMINO DE MATERIA
Término de materia o nombre geográfico como elemento de entrada HUELGA
9 (RLIN) 490
650 ## - PUNTO DE ACCESO ADICIONAL DE MATERIA--TÉRMINO DE MATERIA
Término de materia o nombre geográfico como elemento de entrada CIERRE DE EMPRESA
9 (RLIN) 1044
650 ## - PUNTO DE ACCESO ADICIONAL DE MATERIA--TÉRMINO DE MATERIA
Término de materia o nombre geográfico como elemento de entrada DERECHO DE HUELGA
9 (RLIN) 491
650 ## - PUNTO DE ACCESO ADICIONAL DE MATERIA--TÉRMINO DE MATERIA
Término de materia o nombre geográfico como elemento de entrada SERVICIO MINIMO
9 (RLIN) 1062
700 ## - ENTRADA AGREGADA--NOMBRE PERSONAL
Nombre de persona LILLO PEREZ, Enrique
9 (RLIN) 1414
710 ## - ENTRADA AGREGADA--NOMBRE DE ENTIDAD CORPORATIVA
Nombre de entidad corporativa o nombre de jurisdicción como elemento de entrada ESPAÑA
Unidad subordinada Consejo General del Poder Judicial,
Término indicativo de función/relación ed.
9 (RLIN) 1411
901 ## - ELEMENTOS DE DATOS A LOCAL LDA (RLIN)
a 0
903 ## - ELEMENTOS DE DATOS C LOCAL, LDC (RLIN)
a NO
904 ## - ELEMENTOS DE DATOS D LOCAL, LDD (RLIN)
a 000
907 ## - ELEMENTOS DE DATOS G LOCAL, LDG (RLIN)
a Gabinete Jurídico
953 ## -
-- 1996-05-13
-- MONOGRAFIA
-- CD-02261
910 ## - DATOS DE OPCIÓN DEL USUARIO (OCLC)
Datos de opción del usuario 1994
942 ## - ELEMENTOS DE ENTRADA SECUNDARIOS (KOHA)
Tipo de ítem Koha Monografía
Holdings
Estatus retirado Estado de pérdida Estado de daño No para préstamo Biblioteca de origen Biblioteca actual Fecha de adquisición Total de préstamos Signatura topográfica completa Código de barras Visto por última vez Precio de reemplazo Tipo de ítem Koha
        CENDO CENDO 13/05/1996   CD-02261 CENDO_636 05/10/2022 05/10/2022 Monografía